| 000 | 01019nam a22002651u 4500 | ||
|---|---|---|---|
| 001 | 12263 | ||
| 003 | HDC | ||
| 007 | cr bn --- | ||
| 008 | 210209p2003 my eng | ||
| 040 | _aHDC | ||
| 100 |
_aJohari Jiken Abdullah, _eauthor _912766 |
||
| 245 | 0 |
_aIdentification of a RAPD marker associated with weaning weightin Brakmas cattle / _cby Johari Jiken Abdullah, Adura Mohd. Adnan, Zulkeflie Zamrod, Mohd. Ariff Omar and Rahmah Mohmmed |
|
| 260 |
_aSerdang : _bMalaysian Agricultural Research and Development Institute (MARDI), _c2003 |
||
| 300 | _a1 page | ||
| 336 |
_atext _2rdacontent |
||
| 337 |
_acomputer _2rdamedia |
||
| 338 |
_aonline resource _2rdacarrier |
||
| 650 |
_aCattle _96870 |
||
| 650 |
_aRAPD marker _912767 |
||
| 650 |
_aWeaning weight _912768 |
||
| 856 | _zRequest full-text at [email protected] | ||
| 942 | _2lcc | ||
| 942 | _cAR | ||
| 942 | _kJART 003060 | ||
| 999 |
_c9586 _d9586 |
||